000 00703nam a2200277Ia 4500
003 OSt
005 20220912150522.0
006 a|||||r|||| 00| 0
007 ta
008 220909b |||||||| |||| 00| 0 eng d
024 _a32760
037 _cTextual
040 _aCSL
_beng
_cCSL
041 _aeng
082 _aC216:8, L8
100 _aUbbelohde A R
245 0 _aMoleten state of matter
260 _aChichester
_bJohn Wiley
_c1978
300 _axiv,454p.
_ccm.
500 _aIncludes bibliography
650 _a Condense matter
650 _a Physiscs
650 _aCrystal strcture
942 _hC216:8, L8
_cTEXL
_2CC
999 _c49289
_d49289